000 00344 a2200157 4500
001 156333
020 _a9788571533417
040 _cEscola São Tomás de Aquino
100 _aLANZNASTER, Roberto
240 1 0 _aImaginarium
_lpor
245 1 0 _aImaginarium
300 _a119
362 0 _a2014
697 _a*LITERATURA JUVENIL
942 _cBK
999 _c156333
_d156333